01296cas a2200361 a 450000100090000000300060000900500170001500800410003201000150007302500220008803500200011003700700013004000650020004200080026504300120027305000160028508200120030124500860031326000480039930000440044731000140049133600260050533700280053133800270055950000210058655001280060765000160073565100220075165500420077371000340081571000320084978000530088152609519OCoLC20181025192139.0030715c20039999ii br p f0 0eng  a2003311786 aI-D-E-2003-311786 a(OCoLC)52609519 bDurga Das Publications, 72, Todarmal Rd., New Delhi 110001, India aDLCbengcDLCdDLCdOCLCQdOCLCAdOCLCQdOCLCOdOCLCAdOCLCF apcc aa-ii---00aDS406b.E96 aREF 29400aIncredible India :bpublication of the Department of Tourism, Government of India aNew Delhi :bDurga Das Publications,c2003- avolumes :bcolor illustrations ;c28 cm aBimonthly atextbtxt2rdacontent aunmediatedbn2rdamedia avolumebnc2rdacarrier aTitle from cover aPublished by: Ministry of Tourism, Govt. of India and produced by: Mediascope Publicitas (India) Pvt. Ltd., June/July 2008- aHotel Guide 0aIndiavGuidebooks 7aGuidebooks.2fast0(OCoLC)fst014238711 aIndia.bDepartment of Tourism1 aIndia.bMinistry of Tourism00tExplore Indiaw(DLC) 00403031w(OCoLC)48161106